| 000 | 01656nam a2200337 a 4500 | ||
|---|---|---|---|
| 001 | ebr10054987 | ||
| 003 | CaPaEBR | ||
| 006 | m u | ||
| 007 | cr cn||||||||| | ||
| 008 | 940908s1995 dcuab sb f100 0 eng d | ||
| 010 | _z 94068678 | ||
| 020 | _z0309051835 | ||
| 040 |
_aCaPaEBR _cCaPaEBR |
||
| 035 | _a(OCoLC)614707416 | ||
| 050 | 1 | 4 |
_aQC808.5 _b.A34 1995eb |
| 082 | 0 | 4 |
_a550 _220 |
| 245 | 0 | 0 |
_aAirborne geophysics and precise positioning _h[electronic resource] : _bscientific issues and future directions / _cCommittee on Geodesy, Board on Earth Sciences and Resources, Commission on Geosciences, Environment, and Resources, National Research Council. |
| 260 |
_aWashington, D.C. : _bNational Academy Press, _c1995. |
||
| 300 |
_ax, 111 p. : _bill., maps. |
||
| 500 | _aReport based on information presented at the Workshop on Airborne Geophysics, held on July 12-14, 1993, in Washington, D.C. | ||
| 504 | _aIncludes bibliographical references (p. 105-111). | ||
| 533 |
_aElectronic reproduction. _bPalo Alto, Calif. : _cebrary, _d2013. _nAvailable via World Wide Web. _nAccess may be limited to ebrary affiliated libraries. |
||
| 650 | 0 |
_aGeophysics _xRemote sensing _vCongresses. |
|
| 650 | 0 |
_aEarth sciences _xRemote sensing _vCongresses. |
|
| 650 | 0 |
_aAeronautics in geodesy _vCongresses. |
|
| 650 | 0 |
_aAeronautics in earth sciences _vCongresses. |
|
| 655 | 7 |
_aElectronic books. _2local |
|
| 710 | 2 | _aebrary, Inc. | |
| 711 | 2 |
_aWorkshop on Airborne Geophysics _d(1993 : _cWashington, D.C.) |
|
| 856 | 4 | 0 |
_uhttp://site.ebrary.com/lib/rucke/Doc?id=10054987 _zAn electronic book accessible through the World Wide Web; click to view |
| 999 |
_c165654 _d165654 |
||